| 000 | 01201 a2200253 4500 | ||
|---|---|---|---|
| 003 | NUST | ||
| 005 | 20221215144232.0 | ||
| 010 | _a 95910419 | ||
| 020 | _a817304130X | ||
| 040 | _cNust | ||
| 082 | 0 | 0 | _a327,BAJ |
| 100 |
_aBajpai, Kanti P. _946505 |
||
| 245 | 0 | 0 |
_aBrasstacks and beyond : _bperception and management of crisis in South Asia / _c Kanti P. Bajpai ... [et al.]. |
| 260 |
_aNew Delhi : _bManohar, _c1995. |
||
| 300 |
_axii, 205 p. : _bmaps ; _c22 cm. |
||
| 505 | _aCrisis and Resolution Theoretical and Regional Perspective (Page-1), India and Initiation of China (Page-23), Pakistan Response and Escalation (Page-49), America The Inflectional Observers(Page-69), Conclusion Lesson Learned Policy and Strategy (Page-95), A Chronology of Cooperation (Page-115). | ||
| 651 | 0 |
_aIndia _xForeign relations _zPakistan. |
|
| 651 | 0 |
_aIndia _xHistory _y1947- _912044 |
|
| 651 | 0 |
_aIndia _xPolitics and government _y1977- _9950 |
|
| 651 | 0 |
_aPakistan _xForeign relations _zIndia. |
|
| 700 | 1 |
_aBajpai, Kanti P., _d1955- _9105000 |
|
| 710 | 2 |
_aUniversity of Illinois at Urbana-Champaign. _bProgram in Arms Control, Disarmament, and International Security. _9105001 |
|
| 942 |
_2ddc _cBK _k327,BAJ |
||
| 999 |
_c184206 _d184206 |
||